ARRUPE JESUIT UNIVERSITY

CORONAVIRUS -STOP THE SPREAD - CLEAN,DISINFECT,COVER
Normal view MARC view

Entry Personal Name

Number of records used in: 2

001 - CONTROL NUMBER

  • control field: 51365

003 - CONTROL NUMBER IDENTIFIER

  • control field: ARRUPE

005 - DATE AND TIME OF LATEST TRANSACTION

  • control field: 20220421091931.0

008 - FIXED-LENGTH DATA ELEMENTS

  • fixed length control field: 220421|| aca||aabn | a|a d

040 ## - CATALOGING SOURCE

  • Original cataloging agency: ARRUPE
  • Transcribing agency: ARRUPE

100 ## - HEADING--PERSONAL NAME

  • Personal name: Bradford, Anne R.
  • Fuller form of name: (Anne Rae),
  • Dates associated with a name: 1930-

670 ## - SOURCE DATA FOUND

  • Source citation: Work cat.: (ARRUPE)131319: Bradford, Anne R. (Anne Rae), 1930-, Bradford's crossword solver's dictionary /, 2007.

 

Arrupe Library. PO Box MP320 Mt Pleasant, Harare, Zimbabwe
263 242 745411|librarian@aju.ac.zw